effect of seedling elapsing time on growth and yield of choulsar rice varity (សិក្សាពីប្រសីទ្ធភាពនៃរយៈពេលផ្អាប់សំណាបទៅលើការលូតលាស់់់ និងទិន្នផលស្រូវពូជជលសារ) (Record no. 633)
[ view plain ]
| 000 -LEADER | |
|---|---|
| fixed length control field | 00671nam a22001577a 4500 |
| 003 - CONTROL NUMBER IDENTIFIER | |
| control field | OSt |
| 005 - DATE AND TIME OF LATEST TRANSACTION | |
| control field | 20150917110123.0 |
| 008 - FIXED-LENGTH DATA ELEMENTS--GENERAL INFORMATION | |
| fixed length control field | 150917b xxu||||| |||| 00| 0 eng d |
| 040 ## - CATALOGING SOURCE | |
| Transcribing agency | RUA |
| 082 ## - DEWEY DECIMAL CLASSIFICATION NUMBER | |
| Classification number | AGR MAM 2004 B030 Or.1 |
| 100 ## - MAIN ENTRY--PERSONAL NAME | |
| 9 (RLIN) | 656 |
| Personal name | MAM, ZERDOUK. |
| 245 ## - TITLE STATEMENT | |
| Title | effect of seedling elapsing time on growth and yield of choulsar rice varity (សិក្សាពីប្រសីទ្ធភាពនៃរយៈពេលផ្អាប់សំណាបទៅលើការលូតលាស់់់ និងទិន្នផលស្រូវពូជជលសារ) |
| 260 ## - PUBLICATION, DISTRIBUTION, ETC. (IMPRINT) | |
| Place of publication, distribution, etc. | Phnom Penh |
| Name of publisher, distributor, etc. | RUA |
| Date of publication, distribution, etc. | 2004 |
| 300 ## - PHYSICAL DESCRIPTION | |
| Extent | 43p. |
| Other physical details | ill. |
| Dimensions | 29cm. |
| 942 ## - ADDED ENTRY ELEMENTS (KOHA) | |
| Source of classification or shelving scheme | |
| Koha item type | AGR |
| Price effective from | Date last seen | Permanent Location | Not for loan | Date acquired | Source of classification or shelving scheme | Koha item type | Lost status | Withdrawn status | Total Renewals | Date last checked out | Total Checkouts | Shelving location | Damaged status | Barcode | Current Location | Full call number |
|---|---|---|---|---|---|---|---|---|---|---|---|---|---|---|---|---|
| 2015-09-17 | 2016-11-30 | Library Block B | 2015-09-17 | AGR | 2 | 2016-10-21 | 1 | B030 | RUA001329 | Library Block B | AGR MAM 2004 B030 Or.1 | |||||
| 2015-09-18 | 2016-05-28 | Library Block B | 2015-09-18 | AGR | 1 | 2016-03-31 | 1 | RUA001101 | Library Block B | AGR MAM 2004 B030 Or.2 | ||||||
| 2015-09-18 | 2015-09-18 | Library Block B | 2015-09-18 | AGR | RUA001598 | Library Block B | AGR MAM 2004 B030 Or.3 | |||||||||
| 2015-09-18 | 2025-02-11 | Library Block B | 2015-09-18 | AGR | 2025-01-06 | 2 | RUA001089 | Library Block B | AGR MAM 2004 B030 Or.4 | |||||||
| 2015-09-18 | 2015-09-18 | Library Block B | 2015-09-18 | AGR | RUA001308 | Library Block B | AGR MAM 2004 B030 Or.5 |